000 00575nam a2200205Ia 4500
005 20231121101034.0
008 140110s9999 xx 000 0 und d
020 _a9788184353273
_cRs.825.00
040 _aLoreto College
041 _aEnglish
082 _a323
_bSIN
245 _aGlobalisation and Human Rights in India
_cEdited by Neelima Singh and Ranjana Tripathi
260 _aNew Delhi
_bAdhyayan Publishers
_c2012
300 _ax,278p
504 _aIncludes index
650 _aHuman rights
700 _aSingh,Neelima,ed.
850 _aLCLIB
942 _cBK
999 _c38133
_d88612